000
00213nam a22000857a 4500
008
161201b xxu||||| |||| 00| 0 eng d
100
_9
1690
_a
Malhotra,S.S
245
_a
Mental Mathmetics
260
_a
New Delhi
_b
Holy Faith
999
_c
4402
_d
4402